|
|
|
|
| LEADER |
01934nam a2200421 a 4500 |
| 001 |
EBC3301296 |
| 003 |
MiAaPQ |
| 005 |
20200520144314.0 |
| 006 |
m o d | |
| 007 |
cr cn||||||||| |
| 008 |
121109s2013 mau sb 001 0 eng d |
| 010 |
|
|
|z 2012044933
|
| 020 |
|
|
|z 9780674072992 (alk. paper)
|
| 020 |
|
|
|a 9780674075368 (electronic bk.)
|
| 035 |
|
|
|a (MiAaPQ)EBC3301296
|
| 035 |
|
|
|a (Au-PeEL)EBL3301296
|
| 035 |
|
|
|a (CaPaEBR)ebr10691839
|
| 035 |
|
|
|a (OCoLC)841171331
|
| 040 |
|
|
|a MiAaPQ
|c MiAaPQ
|d MiAaPQ
|
| 043 |
|
|
|a n-us---
|
| 050 |
|
4 |
|a HD2785
|b .M574 2013
|
| 082 |
0 |
4 |
|a 322/.30973
|2 23
|
| 100 |
1 |
|
|a Mizruchi, Mark S.
|
| 245 |
1 |
4 |
|a The fracturing of the American corporate elite
|h [electronic resource] /
|c Mark S. Mizruchi.
|
| 260 |
|
|
|a Cambridge, Mass. :
|b Harvard University Press,
|c 2013.
|
| 300 |
|
|
|a xiv, 363 p.
|
| 504 |
|
|
|a Includes bibliographical references and index.
|
| 505 |
0 |
|
|a Introduction -- The rise of the American corporate elite -- The state and the economy -- Labor as uneasy partner -- The banks as mediators -- The breakdown of the postwar consensus -- Winning the war, but losing the battle: the fragmentation of the American corporate elite -- The aftermath -- The ineffectual elite.
|
| 533 |
|
|
|a Electronic reproduction. Ann Arbor, MI : ProQuest, 2015. Available via World Wide Web. Access may be limited to ProQuest affiliated libraries.
|
| 650 |
|
0 |
|a Corporations
|x Political aspects
|z United States
|x History.
|
| 650 |
|
0 |
|a Chief executive officers
|z United States
|x History.
|
| 650 |
|
0 |
|a Business and politics
|z United States
|x History.
|
| 650 |
|
0 |
|a Social responsibility of business
|z United States
|x History.
|
| 651 |
|
0 |
|a United States
|x Social policy.
|
| 651 |
|
0 |
|a United States
|x Economic policy.
|
| 655 |
|
4 |
|a Electronic books.
|
| 710 |
2 |
|
|a ProQuest (Firm)
|
| 856 |
4 |
0 |
|u https://ebookcentral.proquest.com/lib/matrademy/detail.action?docID=3301296
|z Click to View
|